000 00750nam a2200205 i 4500
001 24394
003 ES-MaACL
005 20250717091855.0
007 t|
008 021217m19691971sp ||||1| spa d
080 _a611(075.8)
245 0 0 _aAnatomía humana :
_b(funcional y aplicativa) /
_cJ. Escolar ... [et al.].
260 _aZaragoza :
_bJ. Escolar,
_c1969-1971 (
_fHeraldo de Aragón)
300 _a2 v. :
_bil. ;
_c28 cm.
505 8 _aContiene: 1. [sin título particular] (331 p.) - 2. Presoma (parietal y visceral), cabeza (excluyendo el sistema nervioso central y sentidos) (384 p.)
650 7 _aAnatomía humana
_2embne
_99801
700 1 _aEscolar García, José.
_9174625
852 4 _aES-MaACL
_jP-1469
999 _c24394
_d24394